[Event "TCh-TUR 2011"]
[Site "Konya TUR"]
[Date "2011.06.29"]
[Round "2"]
[White "Agun, Lutfiye Selva"]
[Black "Vatansever, Buse"]
[Result "0-1"]
[WhiteElo "1572"]
[BlackElo "1585"]
[WhiteTeam "Tarsus Zeka Satranc S.K."]
[BlackTeam "Mersin Ezgi Satranc Kulubu"]
[WhiteFideId "6319149"]
[BlackFideId "6324746"]
[EventDate "2011.06.28"]

1. e4 c6 2. d4 d5 3. exd5 cxd5 4. c4 Nf6 5. Nc3 e6 6. Nf3 Nc6 7. Bg5 Be7 8. Be2
O-O 9. O-O b6 10. Ne5 Bb7 11. Bf3 Nxe5 12. dxe5 Ne4 13. Bxe7 Nxc3 14. Bxd8 Nxd1
15. Be7 Rfe8 16. Ba3 Nxb2 17. Bxb2 Ba6 18. cxd5 Bxf1 19. Rxf1 exd5 20. Bxd5 Rac8
21. Bb3 b5 22. f4 a5 23. f5 a4 24. Bd5 Rc2 25. Ba1 Rd2 26. Bc6 Rc8 27. Bxb5 Rcc2
28. Bc6 Rxc6 29. Rb1 h6 30. Kf1 Rxa2 31. Rd1 Rcc2 32. Rb1 Rf2+ 33. Ke1 Rxg2 34.
Bd4 Rxh2 35. Kf1 Rh1+ 36. Bg1 a3 37. e6 fxe6 38. fxe6 Kf8 39. Re1 Ke7 40. Rd1
Kxe6 41. Re1+ Kf7 42. Rd1 Rb2 0-1

[Event "TCh-TUR 2011"]
[Site "Konya TUR"]
[Date "2011.06.30"]
[Round "3"]
[White "Sasmazel, Burcu"]
[Black "Tulay, Seray"]
[Result "1-0"]
[WhiteElo "1911"]
[BlackElo "1778"]
[WhiteTeam "Gazi Universitesi S.K."]
[BlackTeam "Tarsus Zeka Satranc S.K."]
[WhiteFideId "6319106"]
[BlackFideId "6307787"]
[EventDate "2011.06.28"]

1. e4 c5 2. Nc3 d6 3. g3 g6 4. Bg2 Bg7 5. d3 Nf6 6. f4 Nc6 7. Nf3 O-O 8. O-O Rb8
9. h3 b5 10. g4 b4 11. Ne2 Nd7 12. Qe1 Qb6 13. Kh1 c4 14. dxc4 Ba6 15. Rb1 Bxc4
16. b3 Bxe2 17. Qxe2 Qa5 18. Bb2 Qxa2 19. Bxg7 Kxg7 20. e5 dxe5 21. fxe5 e6 22.
Rbd1 Nb6 23. Ng5 Rbc8 24. Rd6 Ne7 25. Qf2 Ng8 26. Rc6 Qa6 27. Rxe6 Rc7 28. Be4
Qc8 29. Rf6 Qd7 30. e6 Qd6 31. Rxf7+ Rcxf7 32. exf7 Ne7 33. Qf4 Qxf4 34. Ne6+
Kh8 35. Rxf4 Nbd5 36. Bxd5 Nxd5 37. Nxf8 Nxf4 38. Nd7 Ne6 39. f8=Q+ Nxf8 40.
Nxf8 1-0

[Event "TCh-TUR 2011"]
[Site "Konya TUR"]
[Date "2011.06.30"]
[Round "3"]
[White "Benzetsel, Ekim"]
[Black "Koksal, Ege"]
[Result "1-0"]
[WhiteElo "1778"]
[BlackElo "2004"]
[WhiteTeam "Tarsus Zeka Satranc S.K."]
[BlackTeam "Gazi Universitesi S.K."]
[WhiteFideId "6332749"]
[BlackFideId "6317626"]
[EventDate "2011.06.28"]

1. e4 e5 2. Nf3 Nc6 3. d4 exd4 4. Bc4 Nf6 5. e5 d5 6. Bb5 Ne4 7. Nxd4 Bd7 8.
Bxc6 bxc6 9. O-O Bc5 10. f3 Ng5 11. f4 Ne4 12. Be3 Bb6 13. Nc3 Nxc3 14. bxc3 Qe7
15. Qf3 O-O 16. Rae1 Rfe8 17. Bf2 c5 18. Ne2 c6 19. Ng3 f5 20. Nh5 Be6 21. Qh3
d4 22. Bh4 Qf7 23. Bg5 Bd8 24. Rf3 Bxg5 25. fxg5 Rab8 26. cxd4 cxd4 27. Qh4 Kh8
28. Rg3 g6 29. Nf6 Re7 30. Qxd4 Qf8 31. Rh3 Qd8 32. Qd6 Qb6+ 33. Kh1 Qb4 34. c3
Qb7 35. Rd1 Bd5 36. c4 Re6 37. Qxb8+ 1-0

[Event "TCh-TUR 2011"]
[Site "Konya TUR"]
[Date "2011.06.30"]
[Round "3"]
[White "Sahin, Handenur"]
[Black "Agun, Lutfiye Selva"]
[Result "0-1"]
[WhiteElo "1738"]
[BlackElo "1572"]
[WhiteTeam "Gazi Universitesi S.K."]
[BlackTeam "Tarsus Zeka Satranc S.K."]
[WhiteFideId "6334865"]
[BlackFideId "6319149"]
[EventDate "2011.06.28"]

1. d4 Nf6 2. Nf3 e6 3. Bg5 d5 4. e3 c5 5. c3 Bd6 6. Be2 O-O 7. O-O Nbd7 8. Nbd2
Qc7 9. Rc1 b6 10. a3 Bb7 11. c4 Ne4 12. Kh1 Rac8 13. Bh4 f5 14. cxd5 exd5 15.
Bd3 Ndf6 16. Bg3 Nxg3+ 17. hxg3 Ne4 18. Bxe4 fxe4 19. Ng5 Rf5 20. Qg4 Rf6 21.
Nh3 Ba6 22. Rfe1 Rcf8 23. Nf4 Rh6+ 24. Kg1 Bc8 25. Qe2 Qf7 26. Nf1 g5 27. Nh3
Bxh3 0-1

[Event "TCh-TUR 2011"]
[Site "Konya TUR"]
[Date "2011.06.30"]
[Round "3"]
[White "Mchedlishvili, Mikheil"]
[Black "Kulaots, Kaido"]
[Result "1/2-1/2"]
[WhiteTitle "GM"]
[BlackTitle "GM"]
[WhiteElo "2629"]
[BlackElo "2607"]
[WhiteTeam "Tarsus Zeka Satranc S.K."]
[BlackTeam "Gazi Universitesi S.K."]
[WhiteFideId "13600966"]
[BlackFideId "4500261"]
[EventDate "2011.06.28"]

1. d4 Nf6 2. c4 e6 3. Nf3 d5 4. g3 Bb4+ 5. Bd2 Be7 6. Bg2 c6 7. Qc2 O-O 8. O-O
Nbd7 9. Bf4 b6 10. Rd1 Bb7 11. Ne5 Nxe5 12. dxe5 Nd7 13. cxd5 cxd5 14. e4 Rc8
15. Nc3 d4 16. Rxd4 Qc7 17. Qd1 Nxe5 18. Nb5 Qc5 19. a4 Bf6 20. Be3 Nc4 21. Rxc4
Qxc4 22. Nd6 Qc7 23. Nxc8 Qxc8 24. Qb3 Qc7 25. Bf4 Be5 26. Rc1 Qb8 27. Be3 Rc8 1/2-1/2

[Event "TCh-TUR 2011"]
[Site "Konya TUR"]
[Date "2011.06.30"]
[Round "3"]
[White "Can, Emre"]
[Black "Bayram, Yakup"]
[Result "1/2-1/2"]
[WhiteTitle "GM"]
[BlackTitle "FM"]
[WhiteElo "2487"]
[BlackElo "2268"]
[WhiteTeam "Gazi Universitesi S.K."]
[BlackTeam "Tarsus Zeka Satranc S.K."]
[WhiteFideId "6302181"]
[BlackFideId "6300677"]
[EventDate "2011.06.28"]

1. e4 d6 2. d4 e5 3. Nf3 exd4 4. Qxd4 Nc6 5. Bb5 Bd7 6. Bxc6 bxc6 7. Nc3 Ne7 8.
O-O Ng6 9. e5 d5 10. Bg5 Be7 11. Bxe7 Qxe7 12. Na4 O-O 13. Rfe1 Rfb8 14. a3 Nf8
15. Qc3 Ne6 16. Nd4 Rb5 17. b4 Rbb8 18. h3 a5 19. Nxe6 Bxe6 20. Nc5 Bf5 21. bxa5
d4 22. Qxd4 Rb5 23. Nd3 Bxd3 24. Qxd3 Rbxa5 25. Re3 Rxe5 26. Rae1 Rxe3 27. Rxe3
Qd6 28. a4 Qxd3 29. Rxd3 Kf8 30. Rd4 Ke7 31. Kf1 c5 32. Rh4 g5 33. Re4+ Kd6 34.
Ke2 f5 35. Rc4 Kd5 36. Kd3 h5 37. h4 g4 38. g3 Ra7 39. Kc3 Ra8 40. Rf4 Ke5 41.
Kb3 Ra6 42. Ka3 Ra8 43. Kb3 Ra6 44. Ka3 1/2-1/2

[Event "TCh-TUR 2011"]
[Site "Konya TUR"]
[Date "2011.06.30"]
[Round "3"]
[White "Ozalp, Burak"]
[Black "Gaygusuzoglu, Gokhan"]
[Result "1-0"]
[WhiteElo "1901"]
[BlackElo "1900"]
[WhiteTeam "Gazi Universitesi S.K."]
[BlackTeam "Tarsus Zeka Satranc S.K."]
[WhiteFideId "6314210"]
[BlackFideId "6306284"]
[EventDate "2011.06.28"]

1. e4 c6 2. d4 d5 3. f3 e5 4. dxe5 Bc5 5. Nc3 Qb6 6. Na4 Qa5+ 7. c3 Bxg1 8. Rxg1
dxe4 9. Bf4 Ne7 10. fxe4 O-O 11. b4 Qd8 12. Qxd8 Rxd8 13. Nc5 Ng6 14. Bg3 b6 15.
Nb3 Re8 16. O-O-O Nd7 17. e6 Rxe6 18. Nd4 Rxe4 19. Bd3 Re8 20. Nxc6 Nf6 21. h3
Be6 22. Kb2 Nd5 23. Rge1 a6 24. Nd4 Ndf4 25. Bxg6 Nxg6 26. Nxe6 fxe6 27. Rd6
Rad8 28. Rexe6 Rxe6 29. Rxe6 Rd2+ 30. Kb3 Rxg2 31. Bb8 b5 32. Rxa6 Rg5 33. c4
Ne5 34. Bxe5 Rxe5 1-0

[Event "TCh-TUR 2011"]
[Site "Konya TUR"]
[Date "2011.06.30"]
[Round "3"]
[White "Mirzoev, Azer"]
[Black "Kilicaslan, Hasan"]
[Result "1-0"]
[WhiteTitle "GM"]
[BlackTitle "IM"]
[WhiteElo "2481"]
[BlackElo "2250"]
[WhiteTeam "Mersin Ezgi Satranc Kulubu"]
[BlackTeam "Turk Hava Yollari S.K."]
[WhiteFideId "13400304"]
[BlackFideId "6300391"]
[EventDate "2011.06.28"]

1. d4 Nf6 2. Nf3 g6 3. g3 Bg7 4. Bg2 O-O 5. O-O d6 6. b3 c6 7. Bb2 Qa5 8. Qd2
Qxd2 9. Nbxd2 Bg4 10. h3 Bxf3 11. Bxf3 d5 12. c4 e6 13. e3 Re8 14. Rfc1 Nbd7 15.
Rc2 Bf8 16. g4 h6 17. a3 a5 18. Bg2 Bd6 19. Rd1 Rec8 20. Rdc1 Re8 21. Nf3 Bb8
22. Ne1 Nb6 23. Bf1 a4 24. b4 Nxc4 25. Bxc4 dxc4 26. Rxc4 Ne4 27. Nd3 Nd6 28.
R4c2 Re7 29. Kf1 f6 30. Ke2 Kf7 31. Nc5 Nb5 32. f4 Ba7 33. Nd3 Bb8 34. h4 Bc7
35. Rh1 Kg8 36. Rcc1 Bd6 37. h5 g5 38. fxg5 fxg5 39. Rhf1 Rf8 40. Rxf8+ Kxf8 41.
Nc5 Bxc5 42. bxc5 Re8 43. Rf1+ Ke7 44. Kd3 Nc7 45. e4 e5 46. d5 cxd5 47. Bxe5
dxe4+ 48. Kxe4 Ne6 49. Kd5 1-0

[Event "TCh-TUR 2011"]
[Site "Konya TUR"]
[Date "2011.06.30"]
[Round "3"]
[White "Yaramis, Hakan"]
[Black "Sengul, Cengiz"]
[Result "1/2-1/2"]
[WhiteElo "2094"]
[BlackElo "2225"]
[WhiteTeam "Turk Hava Yollari S.K."]
[BlackTeam "Mersin Ezgi Satranc Kulubu"]
[WhiteFideId "6304613"]
[BlackFideId "6302785"]
[EventDate "2011.06.28"]

1. e4 e5 2. Nf3 Nc6 3. Bb5 a6 4. Ba4 Nf6 5. d4 exd4 6. e5 Ne4 7. O-O Nc5 8. Bxc6
dxc6 9. Nxd4 Be7 10. Nc3 O-O 11. Be3 f5 12. f4 Ne6 13. Nce2 Nxd4 14. Qxd4 Qxd4
15. Nxd4 c5 16. Nb3 b6 17. Rfd1 Be6 18. Rd2 Rfd8 19. Rad1 Kf7 20. Rxd8 Rxd8 21.
Rxd8 Bxd8 22. a3 Be7 23. Nd2 a5 24. Kf2 h6 25. Ke2 Bd5 26. g3 a4 27. c4 Bc6 28.
Nb1 b5 29. cxb5 Bxb5+ 30. Kd2 Ke6 31. Nc3 c6 32. Ke1 g5 33. Bf2 g4 34. Kd2 Kd7
35. Kc2 Ke6 36. Kd2 h5 37. Kc2 Kd7 38. Kd2 Kc7 39. Kc2 Kb6 40. Nd1 Bc4 41. Ne3
Be6 42. Be1 Kb5 43. Bc3 h4 44. Kd2 h3 45. Ke2 Bd8 46. Kf2 Bb6 47. Ke2 Bc8 48.
Kd2 Be6 49. Ke2 Ka6 50. Kd3 Kb5 51. Ke2 Bc7 52. Kd3 Bd8 53. Bd2 Ba2 54. Ke2 Be6
55. Kd3 Bb6 56. Ke2 Ka6 57. Kd3 Kb5 58. Ke2 Ba7 59. Bc3 Bb8 60. Kd3 Ba2 61. Ke2
Be6 62. Kd3 1/2-1/2

[Event "TCh-TUR 2011"]
[Site "Konya TUR"]
[Date "2011.06.30"]
[Round "3"]
[White "Kucumenler, Tarkan"]
[Black "Erbis, Baris"]
[Result "1/2-1/2"]
[WhiteElo "2076"]
[BlackElo "1933"]
[WhiteTeam "Mersin Ezgi Satranc Kulubu"]
[BlackTeam "Turk Hava Yollari S.K."]
[WhiteFideId "6301010"]
[BlackFideId "6305202"]
[EventDate "2011.06.28"]

1. d4 Nf6 2. c4 g6 3. Nc3 Bg7 4. e4 d6 5. f3 O-O 6. Nge2 b6 7. Bg5 a6 8. Qd2 c5
9. d5 Bd7 10. a4 Ra7 11. Ng3 e5 12. Be2 Qc8 13. O-O Kh8 14. f4 Ng8 15. f5 Bf6
16. Be3 Bh4 17. Bd3 Bxg3 18. hxg3 f6 19. g4 g5 20. a5 Rb7 21. axb6 Rxb6 22. Qc2
Qb7 23. Nd1 Be8 24. Be2 Rf7 25. Bd2 Qe7 26. Ba5 Rb7 27. Nf2 h6 28. Nd3 Rh7 29.
b4 h5 30. bxc5 dxc5 31. Rab1 Rxb1 32. Rxb1 Nd7 33. Bd2 hxg4 34. Bxg4 Rh4 35. Qd1
Qh7 36. Kf2 Nh6 37. Bf3 g4 38. g3 Rh2+ 39. Bg2 Nf7 40. Qh1 Rxh1 41. Rxh1 Qxh1
42. Bxh1 Nd6 43. Nb2 Nb6 44. Be3 Ndxc4 45. Nxc4 Nxc4 46. Bxc5 a5 47. Bg2 Bb5 48.
Be7 Kg7 49. Bf1 Kf7 50. Bxc4 1/2-1/2

[Event "TCh-TUR 2011"]
[Site "Konya TUR"]
[Date "2011.06.30"]
[Round "3"]
[White "Bolat, Ahmet"]
[Black "Ozgur, Emre"]
[Result "1/2-1/2"]
[WhiteElo "2074"]
[BlackElo "1732"]
[WhiteTeam "Mersin Ezgi Satranc Kulubu"]
[BlackTeam "Turk Hava Yollari S.K."]
[WhiteFideId "6327923"]
[BlackFideId "6322824"]
[EventDate "2011.06.28"]

1. g3 Nf6 2. Bg2 c5 3. Nf3 Nc6 4. O-O g6 5. b3 Bg7 6. Bb2 O-O 7. d3 d5 8. Nbd2
b6 9. e4 Bb7 10. exd5 Nxd5 11. Bxg7 Kxg7 12. Re1 e6 13. Qc1 Rb8 14. Ne4 Nf6 15.
Qb2 Nd4 16. Rad1 Re8 17. Ne5 Nxe4 18. dxe4 Qf6 19. f4 Red8 20. c3 Nc6 21. Ng4
Qe7 22. Rxd8 Rxd8 23. Qf2 f6 24. e5 f5 25. Nf6 Qc7 26. g4 Ne7 27. g5 Bxg2 28.
Qxg2 Nd5 29. Qd2 Kh8 30. Rd1 c4 31. Qd4 b5 32. b4 Qb7 33. Rd2 Kg7 34. h4 Qc7 35.
h5 Qb6 36. Qxb6 axb6 37. hxg6 hxg6 38. Kf2 Kf7 39. Nxd5 exd5 40. Ke3 Ke6 41. Rh2
d4+ 42. cxd4 Ra8 43. Rh6 Ra3+ 44. Kd2 Kf7 45. Kc2 Rxa2+ 46. Kd1 c3 47. e6+ 1/2-1/2

[Event "TCh-TUR 2011"]
[Site "Konya TUR"]
[Date "2011.06.30"]
[Round "3"]
[White "Yargici, Mazhar Kutay"]
[Black "Burneckas, Yunus"]
[Result "0-1"]
[WhiteElo "1926"]
[BlackElo "1920"]
[WhiteTeam "Turk Hava Yollari S.K."]
[BlackTeam "Mersin Ezgi Satranc Kulubu"]
[WhiteFideId "6310400"]
[BlackFideId "6312659"]
[EventDate "2011.06.28"]

1. d4 f5 2. Nf3 Nf6 3. g3 e6 4. Bg2 d6 5. O-O Be7 6. c4 O-O 7. Qc2 Qe8 8. Rd1
Qh5 9. Nc3 a5 10. Bf4 Nc6 11. a3 h6 12. d5 e5 13. dxc6 exf4 14. Nd5 Nxd5 15.
cxb7 Bxb7 16. cxd5 fxg3 17. hxg3 Ba6 18. e3 Bf6 19. Nd4 Rab8 20. b4 f4 21. gxf4
Bc8 22. Qxc7 Bh3 23. Bxh3 Qxh3 24. Qxd6 Rbe8 25. Ne2 Bh4 26. Qc6 Bxf2+ 27. Kxf2
Qxe3+ 28. Kf1 Qxe2+ 29. Kg1 Qg4+ 30. Kh1 Qh3+ 31. Kg1 Qg3+ 32. Kh1 Re2 33. Qe6+
Rxe6 34. dxe6 Qh3+ 35. Kg1 Qg3+ 36. Kh1 Rxf4 0-1

[Event "TCh-TUR 2011"]
[Site "Konya TUR"]
[Date "2011.06.30"]
[Round "3"]
[White "Mutlu, Beste"]
[Black "Yaka, Beyza"]
[Result "1/2-1/2"]
[WhiteElo "1548"]
[BlackElo "1525"]
[WhiteTeam "Mersin Ezgi Satranc Kulubu"]
[BlackTeam "Turk Hava Yollari S.K."]
[WhiteFideId "6325050"]
[BlackFideId "6303641"]
[EventDate "2011.06.28"]

1. e4 e5 2. Nf3 d6 3. d4 exd4 4. Nxd4 Nf6 5. Nc3 Be7 6. Be2 O-O 7. O-O Re8 8.
Be3 Bf8 9. f3 d5 10. Bg5 dxe4 11. Nxe4 Be7 12. Bxf6 Bxf6 13. Nxf6+ Qxf6 14. c3
Bd7 15. Re1 Rd8 16. Qb3 Nc6 17. Nxc6 Bxc6 18. Rad1 Rxd1 19. Rxd1 Rd8 20. Bc4
Rxd1+ 21. Qxd1 Qe7 22. Kh1 g6 23. h3 a6 24. Qe2 Qh4 25. Bb3 Qf4 26. Qe7 Kg7 27.
Qe2 Qd6 28. Qc4 Qe7 29. Qd4+ Kg8 30. Qf4 Kg7 31. Qd4+ Kg8 32. Qf4 h5 33. h4 b5
34. Qg3 Kg7 35. Qf4 Bb7 36. Qd4+ Kg8 37. Qf4 c5 38. Bc2 Kg7 39. Qg3 Bc8 40. Kh2
Be6 41. Qe5+ Kh7 42. Qxh5+ Kg8 43. Qe5 Qxh4+ 44. Kg1 Qe7 45. a3 c4 46. Qb8+ Kg7
47. Qe5+ Kg8 48. Qb8+ Kg7 49. Qe5+ f6 50. Qe4 Qc5+ 51. Kh1 Bf7 52. Qf4 Qf2 53.
Qc1 Bd5 54. Qd1 Bf7 55. Qc1 1/2-1/2

[Event "TCh-TUR 2011"]
[Site "Konya TUR"]
[Date "2011.06.30"]
[Round "3"]
[White "Ulker, Tolga"]
[Black "Sevgi, Volkan"]
[Result "0-1"]
[WhiteElo "1758"]
[BlackElo "1912"]
[WhiteTeam "Turk Hava Yollari S.K."]
[BlackTeam "Mersin Ezgi Satranc Kulubu"]
[WhiteFideId "6351875"]
[BlackFideId "6325335"]
[EventDate "2011.06.28"]

1. e4 c6 2. d4 d5 3. Nc3 dxe4 4. Nxe4 Bf5 5. Ng3 Bg6 6. Nf3 Nd7 7. Bd3 e6 8. O-O
Ngf6 9. Bg5 Bd6 10. Re1 O-O 11. Ne5 Qc7 12. Bf4 Nd5 13. Nxg6 hxg6 14. Bxd6 Qxd6
15. Ne4 Qe7 16. c4 Nf4 17. Rc1 Rad8 18. Bf1 Ne5 19. Nc5 Qg5 20. Kh1 Ng4 21. Ne4
Qh4 22. h3 Nxf2+ 23. Nxf2 Qxf2 24. Rc2 Qxd4 25. Qf3 e5 26. Rcc1 f6 27. Rcd1 Qc5
28. g3 Nh5 29. Kh2 f5 30. Qb3 Qf2+ 31. Bg2 f4 32. c5+ Kh7 33. Rf1 Qxg3+ 34. Qxg3
Nxg3 35. Rxd8 Nxf1+ 36. Bxf1 Rxd8 0-1

[Event "TCh-TUR 2011"]
[Site "Konya TUR"]
[Date "2011.06.30"]
[Round "3"]
[White "Vatansever, Buse"]
[Black "Gundogan, Sinem Cagla"]
[Result "1-0"]
[WhiteElo "1585"]
[BlackElo "1433"]
[WhiteTeam "Mersin Ezgi Satranc Kulubu"]
[BlackTeam "Turk Hava Yollari S.K."]
[WhiteFideId "6324746"]
[BlackFideId "6325378"]
[EventDate "2011.06.28"]

1. e4 e5 2. Nf3 Nc6 3. Bb5 a6 4. Ba4 Nf6 5. d3 b5 6. Bb3 Be7 7. Nbd2 d6 8. c3
Na5 9. Bc2 c5 10. Nf1 O-O 11. Ng3 g6 12. O-O Re8 13. Re1 Bf8 14. h3 Bg7 15. Nh2
Nc6 16. f4 exf4 17. Bxf4 Ne5 18. Nf3 Nxf3+ 19. Qxf3 Bb7 20. Rf1 h6 21. Bxh6 Bxh6
22. Qxf6 Qxf6 23. Rxf6 d5 24. Raf1 Re7 25. h4 Bg7 26. R6f3 dxe4 27. dxe4 Rd8 28.
Re3 Rd2 29. Rf2 Rdd7 30. Rfe2 b4 31. Kh2 a5 32. h5 Ba6 33. Rf2 Bh6 34. Ref3 Bd2
35. Ba4 Rd6 36. hxg6 Be1 37. Nf5 Rxe4 38. gxf7+ Kf8 39. Nxd6 Rh4+ 40. Kg3 Bxf2+
41. Rxf2 Re4 42. Kh2 Rh4+ 43. Kg3 1-0

[Event "TCh-TUR 2011"]
[Site "Konya TUR"]
[Date "2011.06.30"]
[Round "3"]
[White "Agamaliev, Gamil"]
[Black "Atakisi, Umut"]
[Result "1-0"]
[WhiteTitle "GM"]
[BlackTitle "IM"]
[WhiteElo "2523"]
[BlackElo "2370"]
[WhiteTeam "Yapi Kredi Spor Kulubu"]
[BlackTeam "Besiktas Jimnastik Kulubu"]
[WhiteFideId "13400215"]
[BlackFideId "6301037"]
[EventDate "2011.06.28"]

1. e4 e5 2. d4 exd4 3. Qxd4 Nc6 4. Qe3 Bb4+ 5. Bd2 Qe7 6. Nc3 Nf6 7. O-O-O O-O
8. f3 Rd8 9. Bc4 Na5 10. Bd3 Nc6 11. Nge2 d5 12. exd5 Nxd5 13. Bxh7+ Kxh7 14.
Qd3+ f5 15. Nxd5 Bxd2+ 16. Rxd2 Qc5 17. b4 Qf8 18. Qc3 Rxd5 19. Rxd5 Nxb4 20.
Ra5 Be6 21. Qc5 Nxa2+ 22. Kb2 Qf7 23. Nf4 b6 24. Nxe6 Qf6+ 25. Qe5 1-0

[Event "TCh-TUR 2011"]
[Site "Konya TUR"]
[Date "2011.06.30"]
[Round "3"]
[White "Citak, Selim"]
[Black "Guliev, Logman"]
[Result "1/2-1/2"]
[WhiteTitle "FM"]
[BlackTitle "IM"]
[WhiteElo "2356"]
[BlackElo "2459"]
[WhiteTeam "Besiktas Jimnastik Kulubu"]
[BlackTeam "Yapi Kredi Spor Kulubu"]
[WhiteFideId "6301819"]
[BlackFideId "13400061"]
[EventDate "2011.06.28"]

1. d4 Nf6 2. c4 e6 3. Nc3 Bb4 4. Qc2 O-O 5. a3 Bxc3+ 6. Qxc3 b6 7. Bg5 Bb7 8. e3
d6 9. Ne2 Nbd7 10. Qd3 d5 11. cxd5 exd5 12. Nc3 Re8 13. Be2 h6 14. Bh4 Nf8 15.
O-O Ng6 16. Bg3 c6 17. b4 b5 18. a4 a6 19. a5 Ne4 20. Rac1 Nxg3 21. hxg3 Qg5 22.
e4 dxe4 23. Nxe4 Qe7 24. Bf3 Rad8 25. Qc3 Bc8 26. Rfe1 Nf8 27. Qxc6 Bb7 28. Qb6
Ne6 29. Nc5 Bxf3 30. Nxe6 Rd6 31. Qc5 Bb7 32. Nf4 Qxe1+ 33. Rxe1 Rxe1+ 34. Kh2
Rd7 35. Nd3 Re4 36. f3 Re8 37. Ne5 Rdd8 38. Nc6 Bxc6 39. Qxc6 Re6 40. Qc5 Red6
41. Qa7 R8d7 42. Qa8+ Kh7 43. d5 Rf6 44. g4 Rdd6 45. Kg3 g5 46. Kf2 Kg7 1/2-1/2

[Event "TCh-TUR 2011"]
[Site "Konya TUR"]
[Date "2011.06.30"]
[Round "3"]
[White "Kerigan, Demre"]
[Black "Yilmazyerli, Mert"]
[Result "0-1"]
[BlackTitle "FM"]
[WhiteElo "2134"]
[BlackElo "2318"]
[WhiteTeam "Yapi Kredi Spor Kulubu"]
[BlackTeam "Besiktas Jimnastik Kulubu"]
[WhiteFideId "6307841"]
[BlackFideId "6305962"]
[EventDate "2011.06.28"]

1. e4 e5 2. Nf3 Nc6 3. Bb5 a6 4. Bxc6 bxc6 5. d4 exd4 6. Qxd4 Qf6 7. e5 Qg6 8.
O-O Ne7 9. Nc3 Nf5 10. Qd3 Be7 11. Ne2 Nh4 12. Nxh4 Qxd3 13. cxd3 Bxh4 14. Nd4
O-O 15. Be3 Re8 16. f4 Rb8 17. Rab1 a5 18. Rfc1 Be7 19. a3 Ba6 20. Rc3 a4 21.
Nf5 Bf8 22. b4 axb3 23. Rcxb3 Ra8 24. Rc1 Bc8 25. Rcc3 d6 26. Nd4 dxe5 27. Nxc6
Be6 28. Rb7 exf4 29. Bxf4 Bxa3 30. Rxc7 Bf8 31. Ra7 Rac8 32. Rc7 Rxc7 33. Bxc7
Bd5 34. Kf2 h6 35. Bf4 g5 36. Bg3 f5 37. Kf1 f4 38. Bf2 Ra8 39. Rc1 Kf7 40. Nd4
Ra3 41. Rd1 Kg6 42. h3 h5 43. h4 g4 44. g3 fxg3 45. Bxg3 Ra2 46. Ne2 Bf3 47.
Nf4+ Kf5 48. Rb1 Bc5 49. Nxh5 Rg2 50. d4 Bxd4 51. Rb5+ Ke4 52. Nf6+ Bxf6 0-1

[Event "TCh-TUR 2011"]
[Site "Konya TUR"]
[Date "2011.06.30"]
[Round "3"]
[White "Emiroglu, Cankut"]
[Black "Yurtseven, Melih"]
[Result "0-1"]
[WhiteElo "2216"]
[BlackElo "2050"]
[WhiteTeam "Besiktas Jimnastik Kulubu"]
[BlackTeam "Yapi Kredi Spor Kulubu"]
[WhiteFideId "6306659"]
[BlackFideId "6312160"]
[EventDate "2011.06.28"]

1. e4 c5 2. Nf3 Nf6 3. e5 Nd5 4. Nc3 e6 5. Nxd5 exd5 6. d4 Nc6 7. dxc5 Bxc5 8.
Bd3 d6 9. exd6 Qxd6 10. O-O Be6 11. c3 h6 12. Bc2 Bb6 13. Re1 O-O-O 14. Ba4 Bg4
15. Bxc6 bxc6 16. Qa4 Bxf3 17. Bf4 Qd7 18. Qa6+ Qb7 19. Qxb7+ Kxb7 20. Re7+ Kc8
21. gxf3 Rhe8 22. Rae1 Rxe7 23. Rxe7 Rd7 24. Re8+ Kb7 25. Kf1 c5 26. Ke2 Bc7 27.
Bg3 Bd8 28. b3 Re7+ 29. Rxe7+ Bxe7 30. Kd3 h5 31. h3 Kc6 32. Bf4 Kd7 33. Bb8 a6
34. Bf4 Ke6 35. Bc7 Kd7 36. Bf4 Bd6 37. Bxd6 Kxd6 38. b4 g5 39. a4 Kc6 40. Ke3
h4 41. Kd3 f6 42. Ke2 d4 43. bxc5 dxc3 44. Kd3 f5 45. f4 g4 46. hxg4 h3 0-1

[Event "TCh-TUR 2011"]
[Site "Konya TUR"]
[Date "2011.06.30"]
[Round "3"]
[White "Menzi, Nezihe Ezgi"]
[Black "Birgelir, Melisa"]
[Result "1-0"]
[WhiteElo "1868"]
[BlackElo "1735"]
[WhiteTeam "Yapi Kredi Spor Kulubu"]
[BlackTeam "Besiktas Jimnastik Kulubu"]
[WhiteFideId "6310060"]
[BlackFideId "6300308"]
[EventDate "2011.06.28"]

1. e4 e6 2. d4 d5 3. Nc3 dxe4 4. Nxe4 Bd7 5. Nf3 Bc6 6. Bd3 Nd7 7. O-O Ngf6 8.
Ng3 Be7 9. Qe2 Bxf3 10. Qxf3 c6 11. c3 O-O 12. Re1 Qb6 13. Nf5 Rfe8 14. Nxe7+
Rxe7 15. Bg5 Rae8 16. Qg3 Qa5 17. f4 b5 18. Re3 b4 19. Qh4 bxc3 20. bxc3 h5 21.
Rg3 c5 22. Bxf6 Nxf6 23. Qxf6 g6 24. Bxg6 fxg6 25. Rxg6+ Kh7 26. Rh6+ Kg8 27.
Rh8# 1-0

[Event "TCh-TUR 2011"]
[Site "Konya TUR"]
[Date "2011.06.30"]
[Round "3"]
[White "Ali Marandi, Cemil Can"]
[Black "Arat, Ufuk Sezen"]
[Result "0-1"]
[WhiteTitle "FM"]
[WhiteElo "2265"]
[BlackElo "2053"]
[WhiteTeam "Besiktas Jimnastik Kulubu"]
[BlackTeam "Yapi Kredi Spor Kulubu"]
[WhiteFideId "6300529"]
[BlackFideId "6309089"]
[EventDate "2011.06.28"]

1. e4 e5 2. Nf3 Nc6 3. Bb5 a6 4. Ba4 Nf6 5. O-O Be7 6. Re1 b5 7. Bb3 O-O 8. c3
d6 9. h3 Na5 10. Bc2 c5 11. d4 Nd7 12. Nbd2 exd4 13. cxd4 Nc6 14. d5 Nce5 15.
Nxe5 Nxe5 16. f4 Ng6 17. Nf3 Bh4 18. Rf1 Bg3 19. Nh2 Qh4 20. Qd2 f5 21. Nf3 Qe7
22. e5 Bxf4 23. exd6 Qxd6 24. Qf2 Bg3 25. Qe2 Bd7 26. Ng5 Rae8 27. Qh5 h6 28.
Ne6 Bxe6 29. dxe6 Rxe6 30. Bxf5 Ref6 31. Bxh6 gxh6 32. Rf3 Bf4 33. Bxg6 Rxg6 34.
Raf1 Kh7 35. Kh1 Rgf6 36. Qg4 Bg5 37. Qe4+ Kg7 38. Rxf6 Rxf6 39. Qb7+ Kg8 40.
Re1 Qf8 41. Qd5+ Qf7 42. Qd3 c4 43. Qe2 Rf2 44. Qd1 Rxb2 45. Qg4 Rf2 46. Kg1 Rf4 0-1

[Event "TCh-TUR 2011"]
[Site "Konya TUR"]
[Date "2011.06.30"]
[Round "3"]
[White "Spasov, Vasil"]
[Black "Parligras, Mircea-Emilian"]
[Result "1/2-1/2"]
[WhiteTitle "GM"]
[BlackTitle "GM"]
[WhiteElo "2594"]
[BlackElo "2626"]
[WhiteTeam "Bursa Tophane Meslek Lisesi S.K."]
[BlackTeam "Deniz Genclik S.K."]
[WhiteFideId "2900041"]
[BlackFideId "1204297"]
[EventDate "2011.06.28"]

1. e4 c5 2. Nf3 Nc6 3. d4 cxd4 4. Nxd4 Nf6 5. Nc3 e5 6. Ndb5 d6 7. Bg5 a6 8. Na3
b5 9. Nd5 Be7 10. Bxf6 Bxf6 11. c4 b4 12. Nc2 O-O 13. g3 Bg5 14. Bg2 Qa5 15. O-O
Qc5 16. Qd3 a5 17. b3 Ra7 18. Rad1 Bg4 19. Bf3 Bh3 20. Bg2 Bg4 21. Bf3 Bh3 1/2-1/2